Normal view
MARC view
- Contaminación
Entry Materia
001 - NÚMERO DE CONTROL DEL REGISTRO
- campo de control: 12292
003 - IDENTIFICADOR DE NUMERO DE CONTROL
- campo de control: Mx-MxUPN
005 - FECHA Y HORA DE LA ÚLTIMA TRANSACCIÓN
- campo de control: 20230605162900.0
008 - DATOS DE LONGITUD FIJA
- campo de control de longitud fija: nabaccnnaabn|||||||||| b |nc|||||d
035 ## - NÚMERO DE CONTROL DEL SISTEMA
- Número de control del sistema: UPN10000012299
040 ## - FUENTE DE LA CATALOGACIÓN
- Centro catalogador de origen: Mx-MxUPN
- Lengua de catalogación: spa
- Agencia de transcripción: MX-MxUPN
046 ## - FECHAS CON CODIFICACIÓN ESPECIAL
- Fecha final para contenidos agregados: 220802
053 #4 - NÚMERO CLASIFICADOR - BIBLIOTECA DEL CONGRESO (LC)
- Elemento numérico de la clasificación - Número único o no. inicial del rango: TD182.6
150 ## - ENCABEZAMIENTO - TEMÁTICO
- Término de materia o nombre geográfico como elemento inicial: Contaminación
- Subdivisión geográfica: Ciudad de México
670 ## - FUENTE EN LA QUE SE LOCALIZARON DATOS
- Cita de la fuente: LC/P
- Información localizada: Pollution - Mexico - Mexico City
902 ## - CATALOGADOR
- Catalogador: LG/210297
